[Event "Belgrade Vucicevic Memorial"]
[Site "Belgrade"]
[Date "2022.11.11"]
[Round "4"]
[White "Savic, Miodrag R"]
[Black "Jovic, Aleksandar"]
[Result "1-0"]
[WhiteElo "2422"]
[BlackElo "2386"]
[PlyCount "115"]
[EventDate "2022.11.11"]
[EventType "swiss (blitz)"]
[EventRounds "13"]
[EventCountry "SRB"]
[SourceTitle "EXT 2024"]
[Source "ChessBase"]
[SourceDate "2023.10.10"]
[SourceVersion "1"]
[SourceVersionDate "2023.10.10"]
[SourceQuality "1"]

1. e4 e6 2. d4 d5 3. e5 c5 4. c3 Nc6 5. Nf3 Qb6 6. a3 a5 7. Bd3 Nh6 8. 0-0 cxd4 9. cxd4 Nf5 10. Bxf5 exf5 11. Nc3 Be6 12. Na4 Qb5 13. Be3 h6 14. h4 Be7 15. Rc1 Rd8 16. Nc5 Rc8 17. Qd2 a4 18. Rc2 Ra8 19. Rfc1 Na5 20. Nxe6 fxe6 21. Rc8+ Kf7 22. Rxa8 Rxa8 23. Rc7 Qb6 24. Rc2 Nc4 25. Qc1 Ra5 26. Bxh6 Rb5 27. Bg5 Rxb2 28. Kh2 Rxc2 29. Qxc2 Qb3 30. Qe2 Qxa3 31. Bxe7 Qxe7 32. Ng5+ Ke8 33. Qh5+ Kd7 34. Qh8 a3 35. Qa8 Kc7 36. Qg8 a2 37. Qa8 Qa3 38. Nxe6+ Kb6 39. Qd8+ Kb5 40. Qxd5+ Kb4 41. Qxb7+ Kc3 42. Qf3+ Kc2 43. Qxf5+ Kb2 44. Nc5 a1Q 45. e6 Qa7 46. Qd3 Qc7+ 47. g3 Qc1 48. Qb3+ Ka1 49. Nd3 Qa3 50. Qd1+ Ka2 51. Qc2+ Ka1 52. Qd1+ Ka2 53. Qc2+ Ka1 54. e7 Qcxe7 55. Qxc4 Qe2 56. Ne5 Qxc4 57. Nxc4 Qe3 58. Nxe3 1-0

[Event "Belgrade-chT Quality"]
[Site "Belgrade"]
[Date "2021.11.14"]
[Round "10.3"]
[White "Kutanjac, Aleksandar"]
[Black "Jovic, Aleksandar"]
[Result "0-1"]
[WhiteElo "1749"]
[BlackElo "2371"]
[PlyCount "84"]
[EventDate "2021.10.16"]
[EventType "team-tourn"]
[EventRounds "11"]
[EventCountry "SRB"]
[SourceTitle "EXT 2023"]
[Source "ChessBase"]
[SourceDate "2022.10.05"]
[SourceVersion "1"]
[SourceVersionDate "2022.10.05"]
[SourceQuality "1"]
[WhiteTeam "Belgrade Novi"]
[BlackTeam "Belgrade Vodovod"]
[WhiteTeamCountry "SRB"]
[BlackTeamCountry "SRB"]

1. d4 e6 2. c4 Nf6 3. Nc3 Bb4 4. Bd2 0-0 5. e3 Re8 6. Nf3 b6 7. a3 Bxc3 8. Bxc3 Ne4 9. Bd3 Bb7 10. 0-0 Nxc3 11. bxc3 d6 12. Nd2 e5 13. d5 Nd7 14. e4 a5 15. f4 exf4 16. Rxf4 Qg5 17. g3 Ne5 18. Nf3 Qh5 19. Kg2 Bc8 20. Rh4 Qxf3+ 21. Qxf3 Nxf3 22. Kxf3 Re5 23. Ke3 g5 24. Rh5 Bg4 25. Be2 Bxh5 26. Bxh5 Rae8 27. Bf3 f5 28. Rf1 g4 29. Bg2 Kg7 30. Rf4 h5 31. Kd3 fxe4+ 32. Bxe4 Rf8 33. Ke3 Rxf4 34. Kxf4 Kf6 35. a4 Re8 36. Ke3 Kg5 37. Kd3 Rf8 38. Ke2 Rf7 39. Bg2 h4 40. Ke3 h3 41. Be4 Rf1 42. Bd3 Rh1 0-1

[Event "Belgrade-chT"]
[Site "Belgrade"]
[Date "2019.09.25"]
[Round "3.1"]
[White "Jovic, Aleksandar"]
[Black "Milicevic, Matija"]
[Result "1-0"]
[WhiteElo "2376"]
[BlackElo "2011"]
[PlyCount "115"]
[EventDate "2019.09.23"]
[EventType "team-tourn"]
[EventRounds "11"]
[EventCountry "SRB"]
[SourceTitle "EXT 2020"]
[Source "ChessBase"]
[SourceDate "2019.10.17"]
[SourceVersion "1"]
[SourceVersionDate "2019.10.17"]
[SourceQuality "1"]
[WhiteTeam "Belgrade Vodovod"]
[BlackTeam "MZ Cirilo i Metodije"]
[WhiteTeamCountry "SRB"]
[BlackTeamCountry "SRB"]

1. c4 Nf6 2. g3 g6 3. Bg2 Bg7 4. Nc3 0-0 5. Nf3 d6 6. d4 Nc6 7. 0-0 e5 8. e3 Nd7 9. dxe5 dxe5 10. b3 a5 11. Ba3 Nb4 12. e4 c6 13. Na4 Qe7 14. Qd2 Re8 15. Ne1 Nc5 16. Nb6 Ra6 17. Nxc8 Rxc8 18. Bxb4 axb4 19. Qxb4 Bf8 20. Nc2 Qc7 21. Qc3 Rd8 22. Nb4 Qa5 23. Qe1 Raa8 24. Rb1 Ne6 25. a3 Qxa3 26. Nc2 Qa2 27. Qc3 Nd4 28. Nxd4 exd4 29. Qd3 Bb4 30. Rfc1 Qa5 31. h4 Bc3 32. Bf1 Re8 33. Qf3 h5 34. Bd3 Qc5 35. Rc2 Ra3 36. Re2 Kg7 37. Kg2 Qa5 38. Bc2 Ra1 39. Qd3 Ra8 40. e5 Qc5 41. Qe4 Re8 42. Rxa1 Bxa1 43. f4 Kg8 44. Qf3 b5 45. Bd3 bxc4 46. Bxc4 Bc3 47. Kh3 Ba5 48. g4 hxg4+ 49. Qxg4 Kg7 50. Kg2 Kf8 51. h5 Qe7 52. hxg6 fxg6 53. Qxg6 Qg7 54. Qxg7+ Kxg7 55. Kf3 Rh8 56. Ke4 Bb6 57. Rg2+ Kf8 58. Rg6 1-0

[Event "Belgrade-chT"]
[Site "Belgrade"]
[Date "2016.10.22"]
[Round "13.6"]
[White "Joksimovic, Dragoljub"]
[Black "Jovic, Aleksandar"]
[Result "0-1"]
[WhiteElo "2170"]
[BlackElo "2380"]
[PlyCount "50"]
[EventDate "2016.10.08"]
[EventType "team-tourn"]
[EventRounds "13"]
[EventCountry "SRB"]
[SourceTitle "CBM 175 Extra"]
[Source "ChessBase"]
[SourceDate "2016.12.12"]
[SourceVersion "1"]
[SourceVersionDate "2016.12.12"]
[SourceQuality "1"]
[WhiteTeam "Politika"]
[BlackTeam "Belgrade Vodovod"]
[WhiteTeamCountry "SRB"]
[BlackTeamCountry "SRB"]

1. g3 d5 2. Nf3 Nf6 3. Bg2 c5 4. 0-0 g6 5. d3 Bg7 6. Nbd2 Nc6 7. c3 0-0 8. e4 e6 9. Qc2 b6 10. Re1 Ba6 11. exd5 Nxd5 12. Nc4 Qc7 13. Ne3 Rad8 14. Nxd5 Rxd5 15. c4 Nb4 16. Qa4 Qd7 17. Qxa6 Nxa6 18. cxd5 Qxd5 19. Ne5 Qd4 20. Nc6 Qd7 21. a3 Nc7 22. Bf4 Nd5 23. Ne5 Qa4 24. Bxd5 exd5 25. Rad1 g5 0-1

[Event "Belgrade-chT"]
[Site "Belgrade"]
[Date "2016.10.17"]
[Round "9.4"]
[White "Andrijevic, Milan"]
[Black "Jovic, Aleksandar"]
[Result "1/2-1/2"]
[WhiteElo "2296"]
[BlackElo "2380"]
[PlyCount "20"]
[EventDate "2016.10.08"]
[EventType "team-tourn"]
[EventRounds "13"]
[EventCountry "SRB"]
[SourceTitle "CBM 175 Extra"]
[Source "ChessBase"]
[SourceDate "2016.12.12"]
[SourceVersion "1"]
[SourceVersionDate "2016.12.12"]
[SourceQuality "1"]
[WhiteTeam "Romanticari"]
[BlackTeam "Belgrade Vodovod"]
[WhiteTeamCountry "SRB"]
[BlackTeamCountry "SRB"]

1. e4 e6 2. d4 d5 3. exd5 exd5 4. Nf3 Bd6 5. Be2 Ne7 6. 0-0 0-0 7. h3 Ng6 8. c3 Nc6 9. Be3 Re8 10. Nbd2 Be6 1/2-1/2

[Event "Belgrade Planetwin 365 op"]
[Site "Belgrade"]
[Date "2014.12.29"]
[Round "5"]
[White "Jovic, Aleksandar"]
[Black "Damljanovic, Branko"]
[Result "0-1"]
[WhiteElo "2425"]
[BlackElo "2552"]
[PlyCount "97"]
[EventDate "2014.12.29"]
[EventType "tourn (blitz)"]
[EventRounds "25"]
[EventCountry "SRB"]
[SourceTitle "CBM 164 Extra"]
[Source "ChessBase"]
[SourceDate "2015.03.02"]
[SourceVersion "1"]
[SourceVersionDate "2015.03.02"]
[SourceQuality "1"]

1. c4 e5 2. g3 c6 3. d4 exd4 4. Qxd4 d5 5. Nc3 Nf6 6. Bg5 Be7 7. Nf3 c5 8. Qd1 dxc4 9. Qa4+ Nc6 10. Qxc4 0-0 11. Bg2 Be6 12. Qa4 Nd7 13. Bxe7 Qxe7 14. 0-0 a6 15. Rad1 Rfd8 16. e3 h6 17. h4 b5 18. Qf4 Rac8 19. Nd5 Bxd5 20. Rxd5 Nf6 21. Rf5 Nb4 22. Ne5 c4 23. g4 Nd3 24. Qg3 Nxe5 25. Rxe5 Qc7 26. Qf4 Nd7 27. Rf5 Qxf4 28. Rxf4 Nc5 29. Rd4 Ne6 30. Rdd1 Nc5 31. Rd4 Nd3 32. Rb1 Rxd4 33. exd4 Rd8 34. d5 Nf4 35. Rd1 Rd6 36. Be4 g6 37. Kf1 Kg7 38. f3 Kf6 39. Kf2 Ke5 40. Re1 Nxd5 41. Bxg6+ Kf6 42. Bb1 Nb4 43. a3 Nd3+ 44. Bxd3 Rxd3 45. Ke2 Rb3 46. Rd1 Rxb2+ 47. Ke3 Rb3+ 48. Kf4 Rxa3 49. Rd6+ 0-1

[Event "Belgrade-chT"]
[Site "Belgrade"]
[Date "2014.09.30"]
[Round "11.2"]
[White "Jovic, Aleksandar"]
[Black "Jandric, Damjan"]
[Result "1-0"]
[WhiteElo "2396"]
[BlackElo "2024"]
[PlyCount "89"]
[EventDate "2014.09.20"]
[EventType "team-tourn"]
[EventRounds "11"]
[EventCountry "SRB"]
[SourceTitle "CBM 162 Extra"]
[Source "ChessBase"]
[SourceDate "2014.10.17"]
[SourceVersion "1"]
[SourceVersionDate "2014.10.17"]
[SourceQuality "1"]
[WhiteTeam "Belgrade Vodovod"]
[BlackTeam "Belgrade Radnicki Rudovci"]
[WhiteTeamCountry "SRB"]
[BlackTeamCountry "SRB"]

1. c4 Nf6 2. Nf3 g6 3. b4 Bg7 4. Bb2 0-0 5. g3 d6 6. d4 c5 7. a3 Nbd7 8. Bg2 Rb8 9. 0-0 a6 10. Nbd2 b5 11. dxc5 dxc5 12. Ne5 Bb7 13. bxc5 Nxc5 14. Rc1 Bxg2 15. Kxg2 Qb6 16. Qc2 Rfc8 17. Nef3 Ne6 18. Be5 Rb7 19. Qa2 h6 20. Rb1 Qa7 21. Rb4 bxc4 22. Nxc4 Rxb4 23. axb4 Qb7 24. Ne3 Qxb4 25. Qxa6 Rd8 26. Rc1 Ng4 27. Nxg4 Qxg4 28. Rc4 Qf5 29. e4 Qh5 30. Bxg7 Kxg7 31. Qa1+ Kg8 32. Qc3 Qb5 33. h4 h5 34. Ne5 Qb7 35. Rb4 Qa8 36. Nc6 Re8 37. Rb6 Qa4 38. Qe5 Qa3 39. Rb7 Kh7 40. Nb4 Qa8 41. Rb6 Qa4 42. Nd5 Qa3 43. Rb7 Kg8 44. Nxe7+ Rxe7 45. Rb8+ 1-0

[Event "Belgrade-chT"]
[Site "Belgrade"]
[Date "2014.09.20"]
[Round "1.6"]
[White "Spiric, Igor"]
[Black "Jovic, Aleksandar"]
[Result "1-0"]
[WhiteElo "2260"]
[BlackElo "2396"]
[PlyCount "31"]
[EventDate "2014.09.20"]
[EventType "team-tourn"]
[EventRounds "11"]
[EventCountry "SRB"]
[SourceTitle "CBM 162 Extra"]
[Source "ChessBase"]
[SourceDate "2014.10.17"]
[SourceVersion "1"]
[SourceVersionDate "2014.10.17"]
[SourceQuality "1"]
[WhiteTeam "Romanticari"]
[BlackTeam "Belgrade Vodovod"]
[WhiteTeamCountry "SRB"]
[BlackTeamCountry "SRB"]

1. d4 e6 2. Nf3 Nf6 3. g3 c5 4. e4 cxd4 5. Nxd4 Nc6 6. Bg2 Bb4+ 7. Bd2 Qb6 8. Nb3 0-0 9. 0-0 Bxd2 10. Qxd2 d5 11. exd5 exd5 12. Nc3 Rd8 13. Rfd1 Be6 14. Nd4 Ne4 15. Qe3 Nxd4 16. Nxe4 1-0

[Event "Belgrade-chT"]
[Site "Belgrade"]
[Date "2013.10.14"]
[Round "3.6"]
[White "Jovic, Aleksandar"]
[Black "Podinic, Bojan"]
[Result "1-0"]
[WhiteElo "2388"]
[BlackElo "2304"]
[PlyCount "77"]
[EventDate "2013.10.12"]
[EventType "team-tourn"]
[EventRounds "11"]
[EventCountry "SRB"]
[SourceTitle "EXT 2014"]
[Source "ChessBase"]
[SourceDate "2013.11.20"]
[SourceVersion "1"]
[SourceVersionDate "2013.11.20"]
[SourceQuality "1"]
[WhiteTeam "Belgrade Vodovod"]
[BlackTeam "GSP Polet"]
[WhiteTeamCountry "SRB"]
[BlackTeamCountry "SRB"]

1. Nf3 d5 2. c4 e6 3. g3 Nf6 4. Bg2 Be7 5. 0-0 0-0 6. d3 Nc6 7. a3 e5 8. cxd5 Nxd5 9. Nc3 Be6 10. Bd2 a5 11. Rc1 Nxc3 12. Bxc3 f6 13. Qc2 a4 14. e3 Bd5 15. Qe2 Na5 16. Rfd1 Nb3 17. Rb1 c5 18. d4 cxd4 19. exd4 e4 20. Ne1 f5 21. Nc2 Rc8 22. Ne3 Bxa3 23. Qb5 Be6 24. bxa3 Rxc3 25. Qxa4 Qa5 26. Qb4 Qxb4 27. axb4 Rfc8 28. d5 Bd7 29. Bf1 Kf8 30. d6 Be6 31. Nd5 Bxd5 32. Rxd5 g6 33. d7 Rd8 34. Bb5 Ke7 35. Rdd1 e3 36. fxe3 Ra8 37. Ba4 Nc1 38. Rbxc1 Rxc1 39. d8Q+ 1-0

[Event "Valpovo op U16"]
[Site "Valpovo"]
[Date "2012.12.08"]
[Round "5"]
[White "Ivekovic, Stjepan"]
[Black "Jovic, Aleksandar"]
[Result "1-0"]
[WhiteElo "1603"]
[BlackElo "2388"]
[PlyCount "45"]
[EventDate "2012.12.07"]
[EventType "swiss (rapid)"]
[EventRounds "7"]
[EventCountry "CRO"]
[SourceTitle "CBM 151 Extra"]
[Source "ChessBase"]
[SourceDate "2012.12.18"]
[SourceVersion "1"]
[SourceVersionDate "2012.12.18"]
[SourceQuality "1"]

1. e4 e5 2. Nf3 Nc6 3. Bb5 Nf6 4. 0-0 a6 5. Bxc6 bxc6 6. Nxe5 Qe7 7. Nf3 Qc5 8. d4 Qa7 9. Nc3 Bb4 10. Re1 Bxc3 11. bxc3 0-0 12. Qd3 h6 13. e5 Nh7 14. Re4 d6 15. Rh4 Rd8 16. Qe4 Bb7 17. Qg4 Kf8 18. Bxh6 gxh6 19. Rxh6 Bc8 20. Qh4 Be6 21. Rxh7 Rd7 22. Rh8+ Kg7 23. Qh7# 1-0

[Event "SRB-chT2 West CS"]
[Site "Serbia"]
[Date "2012.09.16"]
[Round "4.1"]
[White "Jovic, Aleksandar"]
[Black "Kahrovic, Mersid"]
[Result "1-0"]
[WhiteElo "2368"]
[BlackElo "2257"]
[PlyCount "88"]
[EventDate "2012.09.14"]
[EventType "team"]
[EventRounds "10"]
[EventCountry "SRB"]
[SourceTitle "EXT 2015"]
[Source "ChessBase"]
[SourceDate "2014.11.20"]
[SourceVersion "1"]
[SourceVersionDate "2014.11.20"]
[SourceQuality "1"]

1. g3 Nf6 2. Bg2 d5 3. c4 dxc4 4. Na3 c6 5. Qc2 Nbd7 6. Nxc4 Nb6 7. Na5 Nbd5 8. Nc4 g6 9. d3 Bg7 10. Bd2 0-0 11. Nf3 Ne8 12. 0-0 Nd6 13. Na5 Qb6 14. Rab1 Nb4 15. Qa4 Na6 16. b4 Nb5 17. Rfc1 Bd7 18. Nc4 Qd8 19. Qb3 Nd6 20. Na5 Rc8 21. a4 b6 22. Nc4 Be6 23. Qc2 h6 24. Nfe5 Nxc4 25. Nxc4 Qd7 26. Bf4 c5 27. b5 Nb4 28. Qd2 Kh7 29. Be5 Bxe5 30. Nxe5 Qd4 31. Qb2 Qxb2 32. Rxb2 Rfd8 33. a5 Rd6 34. Nc6 bxa5 35. Nxa7 Rc7 36. Nc6 Nxc6 37. bxc6 a4 38. Rxc5 a3 39. Rbb5 a2 40. Ra5 Rd4 41. Rcb5 Rd6 42. Rb6 Kg7 43. f4 f6 44. Kf2 Bf7 1-0

[Event "Belgrade-chT"]
[Site "Belgrade"]
[Date "2011.10.02"]
[Round "2.6"]
[White "Nikolic, Dragoslav"]
[Black "Jovic, Aleksandar"]
[Result "0-1"]
[WhiteElo "2287"]
[BlackElo "2368"]
[PlyCount "97"]
[EventDate "2011.10.01"]
[EventType "team-tourn"]
[EventRounds "11"]
[EventCountry "SRB"]
[SourceTitle "CBM 144 Extra"]
[Source "ChessBase"]
[SourceDate "2011.10.28"]
[SourceVersion "1"]
[SourceVersionDate "2011.10.28"]
[SourceQuality "1"]
[WhiteTeam "Polet"]
[BlackTeam "Belgrade Vodovod"]
[WhiteTeamCountry "YUG"]
[BlackTeamCountry "YUG"]

1. e4 e6 2. d3 d5 3. Nd2 g6 4. g3 Bg7 5. Bg2 Ne7 6. Ngf3 0-0 7. 0-0 c5 8. Re1 Nbc6 9. c3 b6 10. e5 Qc7 11. Qe2 f6 12. exf6 Bxf6 13. Nf1 Bg7 14. Bf4 Rxf4 15. gxf4 Qxf4 16. Ng3 e5 17. Qe3 Qf8 18. c4 Bg4 19. cxd5 Bxf3 20. dxc6 Bxc6 21. Ne4 Rd8 22. Ng5 Bxg2 23. Kxg2 Nd5 24. Qe4 Nf4+ 25. Kg1 Rd4 26. Qc6 Qf5 27. Ne4 Qh3 28. Qa8+ Bf8 29. Nf6+ Kg7 30. Rxe5 Kxf6 31. Rae1 Kg7 32. Qb7+ Kh6 33. R5e3 Qf5 34. Re5 Qg4+ 35. Kf1 Qh3+ 36. Kg1 Qg4+ 37. Kf1 Qh3+ 38. Kg1 Rd5 39. Qxd5 Nxd5 40. Rxd5 Qf3 41. Re4 Be7 42. Rd7 Bf6 43. Rf7 Qxd3 44. Re1 Qd2 45. Kf1 Qxb2 46. Re3 Bh4 47. Rf4 Bg5 48. Rh3+ Kg7 49. Rhf3 0-1

[Event "SRB-chT"]
[Site "Belgrade"]
[Date "2010.10.09"]
[Round "9"]
[White "Dudukovic, Nikola"]
[Black "Jovic, Aleksandar"]
[Result "1/2-1/2"]
[WhiteElo "2237"]
[BlackElo "2383"]
[PlyCount "81"]
[EventDate "2010.10.01"]
[EventType "team-tourn"]
[EventRounds "11"]
[EventCountry "YUG"]
[SourceTitle "CBM 138 Extra"]
[Source "ChessBase"]
[SourceDate "2010.10.29"]
[SourceVersion "1"]
[SourceVersionDate "2010.10.29"]
[SourceQuality "1"]

1. e4 e6 2. d4 d5 3. Nc3 Bb4 4. e5 Ne7 5. a3 Bxc3+ 6. bxc3 c5 7. Nf3 Nbc6 8. Bd3 Qa5 9. Bd2 c4 10. Be2 Bd7 11. 0-0 f6 12. exf6 gxf6 13. Qb1 0-0-0 14. Qb2 Ng6 15. Rab1 Qc7 16. Kh1 Rdg8 17. Rfe1 h5 18. Bf1 h4 19. h3 Nce7 20. Qb4 Nf5 21. Nh2 Nd6 22. Ng4 Rf8 23. Bc1 Rf7 24. Kg1 Re8 25. a4 a5 26. Qa3 e5 27. dxe5 fxe5 28. Be3 Ne4 29. Bb6 Qd6 30. Qxd6 Nxd6 31. Bxa5 Bxa4 32. Bb4 Nf5 33. Rbd1 Bc6 34. Ra1 Kc7 35. Ba5+ b6 36. Bb4 e4 37. Ra7+ Bb7 38. Rd1 Ra8 39. Rxa8 Bxa8 40. Ne3 Nge7 41. Be2 1/2-1/2